000 01040cam a22003254a 4500
999 _c10461
_d10461
001 62172690
003 OCoLC
005 20210224122518.0
008 051018s2006 tnu 000 0aeng
010 _a 2005030488
020 _a0849900719
020 _a9780849900716
035 _a(OCoLC)62172690
040 _aDLC
_cDLC
_dBAKER
_dBTCTA
_dIG#
_dYDXCP
_dOCLCG
042 _apcc
043 _an-us---
050 0 0 _aBR1725.E465
_bEL46F
082 _bEL46F
092 0 _a275.694 9083092
_bE469
100 1 _aElliott, William,
_d1959-
245 1 0 _aFalling into the face of God :
_bforty days and nights in the Judean Desert /
_cWilliam J. Elliott.
260 _aNashville, Tenn. :
_bW Pub. Group,
_cc2006.
300 _a303 p. ;
_c21 cm.
600 1 0 _aElliott, William,
_d1959-
650 0 _aChristian biography
_zUnited States.
650 0 _aMental health personnel
_zUnited States
_vBiography.
650 0 _aChristian biography
_zUnited States.
650 0 _aMental health personnel
_zUnited States
_vBiography.
942 _2ddc
_cBK